Hunger Games - Personnes la Ballade du serpent et de l'oiseau chanteur - Statistiques

Statistiques générales
  • Ce quiz a été pris 77 fois
  • Le résultat moyen est 13 sur 57
Statistiques - réponses
Édition District Réponse % Correct
Personnages principaux Homme Coriolanus Snow
98%
Personnages principaux Femme Lucy Gray
95%
Famille du personnage principal masculin Cousine Tigris
80%
L'Académie Haut-juge Volumnia Gaul
53%
Mentors Garçon mentor du District 2 Sejanus
49%
Famille du personnage principal féminin Fille Covey Maude Ivory
44%
Famille du personnage principal masculin Père Crassus
39%
Tributs Homme District 12 Jessup
37%
Tributs Homme District 11 Reaper
36%
Famille du personnage principal féminin Garçon Covey Tam Amber
36%
L'Académie Inventeur des Hunger Games Casca
34%
Mentors Femme mentor du District 10 Arachne
32%
Famille du personnage principal féminin Garçon Covey Billie Taupe
32%
Famille du personnage principal féminin Garçon Covey Clerk Carmine
32%
Tributs Homme District 2 Marcus
31%
Famille du personnage principal féminin Fille Covey Barb Azure
29%
Tributs Femme District 4 Coral
27%
Tributs Femme District 11 Dill
27%
Tributs Femme District 7 Lamina
27%
Mentors Femme mentor du District 11 Clemensia
25%
Tributs Femme District 8 Wovey
25%
Tributs Homme District 7 Treech
24%
Tributs Femme District 3 Teslee
19%
Tributs Homme District 5 Hy
17%
Tributs Homme District 4 Mizzen
17%
Tributs Homme District 8 Bobbin
15%
Mentors Garçon mentor du District 8 Hilarius
15%
Tributs Femme District 5 Sol
15%
Tributs Homme District 3 Circ
14%
Mentors Femme mentor du District 1 Livia
14%
Mentors Garçon mentor du District 11 Felix
12%
Mentors Garçon mentor du District 4 Festus
12%
Mentors Femme mentor du District 4 Persephone
12%
Tributs Homme District 10 Tanner
12%
Mentors Garçon mentor du District 6 Apollo
10%
Tributs Femme District 10 Brandy
10%
Mentors Femme mentor du District 12 Lysistrata
10%
Tributs Femme District 2 Sabyn
10%
Tributs Femme District 1 Velvereen
10%
Mentors Femme mentor du District 10 Domitia
8%
Tributs Homme District 1 Facet
8%
Tributs Femme District 6 Ginnee
8%
Tributs Homme District 6 Otto
8%
Tributs Femme District 9 Sheaf
8%
Mentors Garçon mentor du District 9 Androcles
7%
Mentors Garçon mentor du District 5 Dennis
7%
Mentors Femme mentor du District 6 Diana
7%
Mentors Femme mentor du District 2 Florus
7%
Mentors Garçon mentor du District 9 Gaius
7%
Mentors Garçon mentor du District 3 Io
7%
Mentors Femme mentor du District 5 Iphigenia
7%
Mentors Femme mentor du District 8 Juno
7%
Mentors Femme mentor du District 1 Palmyra
7%
Tributs Homme District 9 Panlo
7%
Mentors Garçon mentor du District 7 Pliny
7%
Mentors Femme mentor du District 3 Urban
7%
Mentors Femme mentor du District 7 Vipsania
7%
Aucun quiz correspondant
Distribution des résultats
% des personnes avec chaque résultat
Percentile par nombre de réponses
Votre historique - résultats
Vous n’avez pas pris ce quiz